| 000 | 01403nam0a2200325 4500 | ||
|---|---|---|---|
| 001 | RU\NLR\bibl\1018537 | ||
| 005 | 20260607055010.0 | ||
| 010 |
_a5-8249-0072-8 _92000 |
||
| 035 | _a(NLR Aleph) 001006086 | ||
| 090 |
_a608988 _c608988 |
||
| 100 | _a20061208d2004 |||y0rusy50 ca | ||
| 101 | 0 | _arus | |
| 102 | _aRU | ||
| 105 | _aa ||||||||| | ||
| 200 | 1 |
_aВирусные инфекции у беременных _eруководство для врачей _fДолгушина Н.В., Макацария А.Д. |
|
| 210 |
_aМосква _cТриада-Х _d2004 |
||
| 215 |
_a143 с. _cил. _d21 |
||
| 300 | _aНа 4-й с. обл. 1-й авт.: Макацария А.Д., проф., д.м.н. | ||
| 320 | _aБиблиогр. в конце разделов | ||
| 606 | 1 |
_aВирусные болезни у беременных _jРуководства, пособия и т.п. _91303535 _3RU\NLR\auth\66540148 |
|
| 686 | _aР716.216.514.21я77 | ||
| 700 | 1 |
_4070 _aДолгушина _bН. В. _cд-р мед. наук _gНаталия Витальевна _9181799 _3RU\NLR\AUTH\770181850 |
|
| 701 | 1 |
_4070 _7ca _8rus _aМакацария _bА. Д. _f1944- _gАлександр Давидович _930682 _3RU\NLR\auth\7747747 |
|
| 801 | 0 |
_aRU _bNLR _c20061208 _grcr |
|
| 801 | 1 |
_aRU _bNLR _c20061208 |
|
| 830 | _aавт. по кн. | ||
| 942 | _cBOOK | ||
| 980 | _aNB | ||